AQA Economics Supply and Demand - Statistics

General Stats
  • This quiz has been taken 167 times
  • The average score is 8 of 12
Answer Stats
Hint Answer % Correct
Components of AD Equation G
93%
Components of AD Equation C
90%
Components of AD Equation I
84%
4 Factors of Production Labour
83%
Components of AD Equation X
82%
4 Factors of Production Capital
81%
4 Factors of Production Land
80%
Components of AD Equation M
80%
4 Factors of Production Enterprise
61%
The Y axis of an AD graph Price Level
49%
The sum of all economic activity in an economy Aggregate Demand
26%
The X axis of an AD graph Real National Output
9%
No matching quizzes found
Score Distribution
Percent of People with Each Score
Percentile by Number Answered
Your Score History
You have not taken this quiz